Catálogo público

Diseños experimentales : con aplicación a la agricultura y la gandería / (Record no. 169803)

MARC details
000 -CABECERA
campo de control de longitud fija 01135nam a2200313Ia 4500
001 - NÚMERO DE CONTROL
campo de control Z_6535
003 - IDENTIFICADOR DEL NÚMERO DE CONTROL
campo de control CHAP
008 - DATOS DE LONGITUD FIJA--INFORMACIÓN GENERAL
campo de control de longitud fija 220113s2009 xx 000 0 und d
010 ## - NÚMERO DE CONTROL DE LA BIBLIOTECA DEL CONGRESO
Número de control de LC 169803
020 ## - NÚMERO INTERNACIONAL ESTÁNDAR DEL LIBRO
Número Internacional Estándar del Libro 978-607-17-0192-3
040 ## - FUENTE DE LA CATALOGACIÓN
Centro/agencia transcriptor CHAP
082 ## - NÚMERO DE LA CLASIFICACIÓN DECIMAL DEWEY
Número de clasificación 630.20112 P33 2009
100 ## - ENTRADA PRINCIPAL--NOMBRE DE PERSONA
Nombre de persona Padrón Corral, Emilio
9 (RLIN) 84685
245 ## - MENCIÓN DE TÍTULO
Título Diseños experimentales : con aplicación a la agricultura y la gandería /
Mención de responsabilidad, etc. Emilio Padrón Corral
250 ## - MENCIÓN DE EDICIÓN
Mención de edición 2a ed.
260 ## - PUBLICACIÓN, DISTRIBUCIÓN, ETC.
Lugar de publicación, distribución, etc. México :
Nombre del editor, distribuidor, etc. Trillas,
Fecha de publicación, distribución, etc. 2009
300 ## - DESCRIPCIÓN FÍSICA
Extensión 224 p.
500 ## - NOTA GENERAL
Nota general En portada: Para qué y cómo se realiza la experimentación, Principales métodos estadísticos, Análisis económico y utilidad práctica, Aplicación e casos reales, Ejercicios y soluciones
503 ## - NOTA DE HISTORIA BIBLIOGRÁFICA (BK CF MU) [OBSOLETO]
Nota de historia bibliográfica ej.1: consumo (sin sellos) \ ej.2: consumo (sin sellos)
504 ## - NOTA DE BIBLIOGRAFÍA, ETC.
Nota de bibliografía, etc. Bibliografía: p. 219 - 220, incluye índice
650 ## - PUNTO DE ACCESO ADICIONAL DE MATERIA--TÉRMINO DE MATERIA
Término de materia o nombre geográfico como elemento de entrada Agricultura
Subdivisión general
-- Experimentacion
--
-- Metodos estadisticos
9 (RLIN) 140621
650 ## - PUNTO DE ACCESO ADICIONAL DE MATERIA--TÉRMINO DE MATERIA
Término de materia o nombre geográfico como elemento de entrada Experimentos de campo
Subdivisión general
-- Metodos estadisticos
9 (RLIN) 145092
901 ## - ELEMENTOS DE DATOS A LOCAL LDA (RLIN)
a 630.20112 P33 2009
902 ## - ELEMENTOS DE DATOS B LOCAL, LDB (RLIN)
a A
910 ## - DATOS DE OPCIÓN DEL USUARIO (OCLC)
Datos de opción del usuario 2009
942 ## - ELEMENTOS DE PUNTO DE ACCESO ADICIONAL (KOHA)
Tipo de ítem Koha Libro_
942 ## - ELEMENTOS DE PUNTO DE ACCESO ADICIONAL (KOHA)
Tipo de ítem Koha
Holdings
Estado de retiro Estado de pérdida Fuente del sistema de clasificación o colocación Estado dañado No para préstamo Código de colección Localización permanente Ubicación/localización actual Ubicación en estantería Fecha de adquisición Código de barras Fecha visto por última vez Número de copia Precio válido a partir de Tipo de ítem Koha Restricciones de uso Total de préstamos Renovaciones totales Signatura topográfica completa Fecha del último préstamo
    Dewey Decimal Classification     General Biblioteca Central Biblioteca Central Planta principal - Colección General 12/04/2023 33724002572842 08/04/2026   12/04/2023 Libro Préstamo 15 días 8 6 630.20112 P33 2009 03/03/2026
    Dewey Decimal Classification     General Biblioteca Central Biblioteca Central Planta principal - Colección General 12/04/2023 33724002572884 26/01/2026 c.2 12/04/2023 Libro Préstamo 15 días 5 3 630.20112 P33 2009 28/10/2025
    Dewey Decimal Classification     General Zootecnia Zootecnia   04/02/2015 z_6413 18/01/2022 1 18/01/2022 Libro          
    Dewey Decimal Classification     General Zootecnia Zootecnia   04/02/2015 z_6414 18/01/2022 2 18/01/2022 Libro